| 000 | 01116cam a22003617a 4500 | ||
|---|---|---|---|
| 003 | CHAP | ||
| 005 | 20220817040829.0 | ||
| 008 | 980818d1978 mx r 00110 spa d | ||
| 010 | _a1067 | ||
| 011 | _a2039 | ||
| 020 | _a9681611985 | ||
| 035 | _a1226 | ||
| 040 | _cCHAP | ||
| 082 | 0 | 4 |
_a917.2 _bG53Y |
| 100 | 0 | 0 |
_aGlantz, Marco. _948244 |
| 245 | 1 | 0 |
_aViajes en Mexico : _bcrónicas extranjeras I _c/por Marco Glantz |
| 260 |
_aMéxico, D.F. : _bFondo de Cultura Económica, _c1978. |
||
| 300 | _av. | ||
| 410 | 2 | 1 | _aFondo de Cultura Económica |
| 490 | 0 |
_aSep 80 _v; 34 |
|
| 500 | _aLa biblioteca tiene : v.1 | ||
| 590 |
_aBATCH-UPD _b10 _c20130110 _lUCH01 _h1733 |
||
| 590 |
_aBATCH-UPD _b10 _c20130410 _lUCH01 _h1114 |
||
| 590 |
_aBATCH-UPD _b10 _c20130914 _lUCH01 _h1826 |
||
| 590 |
_aCONVERSION _b10 _c20130109 _lUCH01 _h1302 |
||
| 650 | 1 | 4 |
_aMéxico _xDescripción y viaje. _976737 |
| 810 | 0 | 0 |
_aFondo de Cultura Económica _942096 |
| 830 | 0 |
_aSep 80 _v; 34 |
|
| 901 | _aBK | ||
| 905 | _aGuadalupe Pinto C. | ||
| 942 | _cLIBRO | ||
| 949 |
_a917.2 G53Y _bBC _cLIBRO _d33724000928982 _eLIBRO _fv.1 _h78818 _i1226 _si |
||
| 999 |
_c1067 _d1067 |
||